Tongciin Baptist Church: (Record no. 7689)

MARC details
000 -LEADER
fixed length control field 00411nam a22001457a 4500
003 - CONTROL NUMBER IDENTIFIER
control field GBCCL
005 - DATE AND TIME OF LATEST TRANSACTION
control field 20241126110634.0
008 - FIXED-LENGTH DATA ELEMENTS--GENERAL INFORMATION
fixed length control field 180911b ||||| |||| 00| 0 eng d
040 ## - CATALOGING SOURCE
Transcribing agency gbc
082 ## - DEWEY DECIMAL CLASSIFICATION NUMBER
Classification number SOU TON
Item number 2012
245 ## - TITLE STATEMENT
Title Tongciin Baptist Church:
Remainder of title october 11, 1912-october 11, 2012 /
Statement of responsibility, etc. editor S Pumzatawn
260 ## - PUBLICATION, DISTRIBUTION, ETC.
Date of publication, distribution, etc. 2012.
Place of publication, distribution, etc. Tongchiin,
Name of publisher, distributor, etc. Tongchin Baptist church,
300 ## - PHYSICAL DESCRIPTION
Extent 124p. ;
942 ## - ADDED ENTRY ELEMENTS (KOHA)
Source of classification or shelving scheme Dewey Decimal Classification
Koha item type Archives
Holdings
Withdrawn status Lost status Source of classification or shelving scheme Damaged status Not for loan Home library Current Library Shelving location Date acquired Total checkouts Full call number Barcode Date last seen Copy number Price effective from Koha item type
    Dewey Decimal Classification     GRACE BIBLE COLLEGE GRACE BIBLE COLLEGE Archives 2018-09-11   SOU TON 2012 250001 2025-05-01 c.1 2018-09-11 Archives
    Dewey Decimal Classification     GRACE BIBLE COLLEGE GRACE BIBLE COLLEGE Archives 2018-09-11   SOU TON 2012 250002 2022-06-07 c.2 2018-09-11 Archives
    Dewey Decimal Classification     GRACE BIBLE COLLEGE GRACE BIBLE COLLEGE Archives 2018-09-11   SOU TON 2012 250003 2025-05-01 c.3 2018-09-11 Archives
    Dewey Decimal Classification     GRACE BIBLE COLLEGE GRACE BIBLE COLLEGE Archives 2018-09-11   SOU TON 2012 250004 2025-05-01 c.4 2018-09-11 Archives
    Dewey Decimal Classification     GRACE BIBLE COLLEGE GRACE BIBLE COLLEGE Archives 2018-09-11   SOU TON 2012 250005 2025-05-01 c.5 2018-09-11 Archives
    Dewey Decimal Classification     GRACE BIBLE COLLEGE GRACE BIBLE COLLEGE Archives 2019-01-24   SOU TON 2012 250149 2025-05-01 c.6 2019-01-24 Archives
© Grace Bible College Library 2025